Psychobiologie: Grundlagen des Verhaltens : 34 Tabellen
| Beteiligte: | |
|---|---|
| Medienart: | Druck Buch |
| Sprache: | Deutsch |
| Veröffentlicht: |
Weinheim [u.a.]
Psychologie-Verl.-Union
1988
Stuttgart [u.a.] Fischer [u.a.] 1988 |
| In: | Jahr: 1988 |
| Online-Zugang: |
Inhaltsverzeichnis |
| Bestand in Tübingen: | In Tübingen vorhanden. IFK: L I 14 |
| Verfügbarkeit prüfen: | HBZ Gateway |
| Subito Bestelldienst: | Jetzt bestellen. |
| Schlagwörter: |
MARC
| LEADER | 00000cam a2200000 c 4500 | ||
|---|---|---|---|
| 001 | 027542610 | ||
| 003 | DE-627 | ||
| 005 | 20260206201922.0 | ||
| 007 | tu | ||
| 008 | 890119s1988 gw ||||| 00| ||ger c | ||
| 015 | |a 88,N37,0321 |2 dnb | ||
| 015 | |a 88,A50,0768 |2 dnb | ||
| 016 | 7 | |a 880925302 |2 DE-101 | |
| 020 | |a 343720422X |9 3-437-20422-X | ||
| 020 | |a 3621270736 |9 3-621-27073-6 | ||
| 035 | |a (DE-627)027542610 | ||
| 035 | |a (DE-603)008641633 | ||
| 035 | |a (DE-576)016325419 | ||
| 035 | |a (DE-599)GBV027542610 | ||
| 035 | |a (OCoLC)20895056 | ||
| 035 | |a (OCoLC)20895056 | ||
| 035 | |a (OCoLC)230934830 | ||
| 035 | |a (AT-OBV)AC00010426 | ||
| 035 | |a (DE-Rt5)1195834 | ||
| 040 | |a DE-627 |b ger |c DE-627 |e rakwb | ||
| 041 | |a ger | ||
| 044 | |c XA-DE |c XD-US | ||
| 060 | 0 | |a BF 199 | |
| 084 | |a BIO 204 |2 sfb | ||
| 084 | |a BIO 206 |2 sfb | ||
| 084 | |a BIO 270 |2 sfb | ||
| 084 | |a PSY 780 |2 sfb | ||
| 084 | |a S 905 |2 sfb | ||
| 084 | |a 32 |2 sdnb | ||
| 084 | |a 32 |a 11 |2 sdnb | ||
| 084 | |a 1 |2 ssgn | ||
| 084 | |a CZ 8000 |2 rvk |0 (DE-625)rvk/19241: | ||
| 084 | |a CZ 1000 |2 rvk |0 (DE-625)rvk/19225: | ||
| 084 | |a WT 2004 |2 rvk |0 (DE-625)rvk/151935:13428 | ||
| 084 | |a CP 8000 |q DE-FR129 |2 rvk |0 (DE-625)rvk/18998: | ||
| 084 | |a ZX 9000 |2 rvk |0 (DE-625)rvk/158502:14257 | ||
| 084 | |a 42.66 |2 bkl | ||
| 084 | |a 77.00 |2 bkl | ||
| 245 | 0 | 0 | |a Psychobiologie |b Grundlagen des Verhaltens : 34 Tabellen |c hrsg. von Klaus Immelmann .. |
| 264 | 1 | |a Weinheim [u.a.] |b Psychologie-Verl.-Union |c 1988 | |
| 264 | 1 | |a Stuttgart [u.a.] |b Fischer [u.a.] |c 1988 | |
| 300 | |a XV, 888 S. |b Ill., graph. Darst. |c 4° | ||
| 336 | |a Text |b txt |2 rdacontent | ||
| 337 | |a ohne Hilfsmittel zu benutzen |b n |2 rdamedia | ||
| 338 | |a Band |b nc |2 rdacarrier | ||
| 500 | |a Literaturverz. S. 865 - 868 | ||
| 500 | |a Neubearb. Buchausg. auf der Grundlage der Studienbegleitbriefe zum Funkkolleg "Psychobiologie - Verhalten bei Mensch und Tier" | ||
| 583 | 1 | |a Archivierung/Langzeitarchivierung gewährleistet |f PEBW |x XA-DE-BW |2 pdager |5 DE-31 | |
| 583 | 1 | |a Archivierung/Langzeitarchivierung gewährleistet |f SSG |x XA-DE-BW |2 pdager |5 DE-21 | |
| 650 | 2 | |a Behaviorism | |
| 650 | 2 | |a Psychology, Experimental | |
| 650 | 0 | 7 | |0 (DE-588)4047692-3 |0 (DE-627)106193872 |0 (DE-576)20907437X |a Psychobiologie |2 gnd |
| 650 | 0 | 7 | |0 (DE-588)4076126-5 |0 (DE-627)106083694 |0 (DE-576)209200901 |a Physiologische Psychologie |2 gnd |
| 650 | 0 | 7 | |0 (DE-588)4062862-0 |0 (DE-627)106129937 |0 (DE-576)209146389 |a Verhaltensforschung |2 gnd |
| 650 | 0 | 7 | |0 (DE-588)4047704-6 |0 (DE-627)106193821 |0 (DE-576)209074426 |a Psychologie |2 gnd |
| 650 | 0 | 7 | |0 (DE-588)4062860-7 |0 (DE-627)104318031 |0 (DE-576)209146370 |a Verhalten |2 gnd |
| 650 | 0 | 7 | |0 (DE-588)4133738-4 |0 (DE-627)105677914 |0 (DE-576)209646438 |a Verhaltenspsychologie |2 gnd |
| 650 | 4 | |a Verhaltensforschung | |
| 650 | 4 | |a Biologie | |
| 650 | 4 | |a Individuum und Gesellschaft | |
| 650 | 4 | |a Selbstbild | |
| 650 | 4 | |a Lernen | |
| 650 | 4 | |a Soziales Handeln | |
| 650 | 4 | |a Kognitive Entwicklung | |
| 650 | 4 | |a Vorurteil | |
| 650 | 4 | |a Sozialer Konflikt | |
| 650 | 4 | |a Kommunikation | |
| 650 | 4 | |a Sprache | |
| 650 | 4 | |a Soziale Rolle | |
| 650 | 4 | |a Politisches Verhalten | |
| 655 | 7 | |a Aufsatzsammlung |0 (DE-588)4143413-4 |0 (DE-627)105605727 |0 (DE-576)209726091 |2 gnd-content | |
| 689 | 0 | 0 | |d s |0 (DE-588)4047692-3 |0 (DE-627)106193872 |0 (DE-576)20907437X |a Psychobiologie |2 gnd |
| 689 | 0 | |5 DE-101 | |
| 700 | 1 | |a Immelmann, Klaus |d 1935-1987 |e Hrsg. |0 (DE-588)131670638 |0 (DE-627)512402809 |0 (DE-576)161538045 |4 edt | |
| 856 | 4 | 2 | |u http://scans.hebis.de/HEBCGI/show.pl?00864163_toc.pdf |m V:DE-605 |q application/pdf |3 Inhaltsverzeichnis |7 1 |
| 935 | |a mteo | ||
| 935 | |i Blocktest | ||
| 936 | r | v | |a CZ 8000 |b Tierpsychologie und Verhaltensforschung |k Psychologie |k Grenzgebiete der Psychologie |k Tierpsychologie und Verhaltensforschung |0 (DE-627)1271505258 |0 (DE-625)rvk/19241: |0 (DE-576)201505258 |
| 936 | r | v | |a CZ 1000 |b Physiologische Psychologie |k Psychologie |k Grenzgebiete der Psychologie |k Physiologische Psychologie |0 (DE-627)1270798731 |0 (DE-625)rvk/19225: |0 (DE-576)200798731 |
| 936 | r | v | |a WT 2004 |b Homo |k Biologie |k Verhaltensforschung und Tierpsychologie |k Verhalten einzelner Tiergruppen |k Einzelne biologische Disziplinen |k Homo |0 (DE-627)1271585995 |0 (DE-625)rvk/151935:13428 |0 (DE-576)201585995 |
| 936 | r | v | |a CP 8000 |b Behavior science |k Psychologie |k Allgemeine Psychologie |k Behavior science |0 (DE-627)1271443724 |0 (DE-625)rvk/18998: |0 (DE-576)201443724 |
| 936 | r | v | |a ZX 9000 |b Allgemeines; Einführungen |k Sport |k Sportwissenschaft |k Sportbiologie |k Allgemeines |k Allgemeines; Einführungen |0 (DE-627)1271497840 |0 (DE-625)rvk/158502:14257 |0 (DE-576)201497840 |
| 936 | b | k | |a 42.66 |j Ethologie |x Biologie |0 (DE-627)106421719 |
| 936 | b | k | |a 77.00 |j Psychologie: Allgemeines |0 (DE-627)106412264 |
| 936 | s | n | |a c200 |2 mzub |
| 936 | s | n | |a w100 |2 mzub |
| 936 | s | n | |a z300 |2 mzub |
| 951 | |a BO | ||
| ELC | |b 1 | ||
| LOK | |0 000 xxxxxcx a22 zn 4500 | ||
| LOK | |0 001 3299853929 | ||
| LOK | |0 003 DE-627 | ||
| LOK | |0 004 027542610 | ||
| LOK | |0 005 20141211170140 | ||
| LOK | |0 008 921127||||||||||||||||ger||||||| | ||
| LOK | |0 040 |a DE-21-110 |c DE-627 |d DE-21-110 | ||
| LOK | |0 689 |a s |a Frühkindliche Entwicklung | ||
| LOK | |0 689 |a s |a Lerntheorien | ||
| LOK | |0 689 |a s |a Handlungstheorie | ||
| LOK | |0 689 |a s |a Selbstkonzept | ||
| LOK | |0 689 |a s |a Konformität | ||
| LOK | |0 689 |a s |a Vorurteile | ||
| LOK | |0 689 |a s |a Konflikttheorien | ||
| LOK | |0 689 |a s |a Altruismus | ||
| LOK | |0 689 |a s |a Aggression | ||
| LOK | |0 689 |a s |a Kommunikation | ||
| LOK | |0 689 |a s |a Sprache | ||
| LOK | |0 689 |a s |a Soziale Rollen | ||
| LOK | |0 689 |a s |a Geschlechtsrollen | ||
| LOK | |0 689 |a s |a Familie | ||
| LOK | |0 689 |a s |a Promiskuität | ||
| LOK | |0 689 |a s |a Abnormität | ||
| LOK | |0 689 |a s |a Verhaltenslehre | ||
| LOK | |0 689 |a s |a Anlage-Umwelt | ||
| LOK | |0 689 |a s |a Evolution | ||
| LOK | |0 689 |a s |a Prägung | ||
| LOK | |0 689 |a s |a Motivation | ||
| LOK | |0 689 |a s |a Emotion | ||
| LOK | |0 689 |a s |a Psychobiologie | ||
| LOK | |0 689 |a s |a Soziale Entwicklung | ||
| LOK | |0 689 |a s |a Streß | ||
| LOK | |0 852 |a DE-21-110 | ||
| LOK | |0 852 1 |c L I 14 |m p |9 00 | ||
| LOK | |0 935 |a k110 | ||
| LOK | |0 936ln |a 8.5 | ||
| LOK | |0 938 |k p | ||
| LOK | |0 939 |a 27-11-92 |b l01 | ||
| ORI | |a SA-MARC-krimdoka001.raw | ||
| SIG | |a IFK: L I 14 | ||
